Thermodynamics for engineers
Presents a core course for disciplines in all four year engineering schools. This title helps Chemical and Biomedical engineering students to take courses in thermodynamics.
Guardat en:
| Autor principal: | |
|---|---|
| Format: | Llibre |
| Idioma: | Undetermined |
| Publicat: |
Stamford
CT Cengage Learning
2015
|
| Matèries: | |
| Etiquetes: |
Afegir etiqueta
Sense etiquetes, Sigues el primer a etiquetar aquest registre!
|
| Thư viện lưu trữ: | Trung tâm Học liệu Trường Đại học Cần Thơ |
|---|
| LEADER | 00819nam a2200229Ia 4500 | ||
|---|---|---|---|
| 001 | CTU_187904 | ||
| 008 | 210402s9999 xx 000 0 und d | ||
| 020 | |c 3898000 | ||
| 082 | |a 621.4021 | ||
| 082 | |b K93 | ||
| 100 | |a Kroos, Kenneth A. | ||
| 245 | 0 | |a Thermodynamics for engineers | |
| 245 | 0 | |c Kenneth A. Kroos, Merle C. Potter. | |
| 260 | |a Stamford | ||
| 260 | |b CT Cengage Learning | ||
| 260 | |c 2015 | ||
| 520 | |a Presents a core course for disciplines in all four year engineering schools. This title helps Chemical and Biomedical engineering students to take courses in thermodynamics. | ||
| 526 | |a Nhiệt kỹ thuật | ||
| 526 | |b NN125 | ||
| 650 | |a Nhiệt động lực học,Thermodynamics | ||
| 910 | |a Thoại Linh,Hải | ||
| 980 | |a Trung tâm Học liệu Trường Đại học Cần Thơ | ||